000 00873nam1a22002531i 4500
001 v19\rc\1899661
005 20260406093253.0
035 _a(NLR Aleph) 005261391
090 _a5905552
_c5905552
100 _a20080221d1911 |||y0rusy50 ca
101 0 _arus
102 _aRU
105 _a z |||c|
200 1 _aОчерки по истории западно-европейских литератур
_fП. Коган
205 _a2-е изд. Т. -3
210 _aМосква
_cЗаря
_d1911
215 _d23
700 1 _8rus
_7ca
_aКоган
_bП. С.
_cлитературовед
_f1872-1932
_gПетр Семенович
_3RU\NLR\AUTH\7765584
_948513
801 0 _aRU
_bNLR
_c20080221
_gpsbo
801 1 _aRU
_bProSoft-M
_c20080221
_2rusmarc
801 2 _aRU
_bNLR
_c20100828
_2rusmarc
852 _aNLR
_jЛ50/Б-3/2
852 _aNLR
_j+Шифры разные
942 _cBOOK